Vainqueur du Tournoi ATP de Pékin - Statistiques

Statistiques générales
  • Ce quiz a été pris 12 fois
  • Le résultat moyen est 13 sur 23
Statistiques - réponses
Année Vainqueur % Correct
2009 Djokovic
100%
2010 Djokovic
100%
2012 Djokovic
100%
2013 Djokovic
100%
2014 Djokovic
100%
2015 Djokovic
100%
2005 Nadal
100%
2017 Nadal
100%
2016 Murray
89%
2023 Sinner
78%
2019 Thiem
56%
1997 Courier
44%
2008 Roddick
44%
2004 Safin
33%
2018 Basilashvili
22%
2011 Berdych
22%
1980 Connors
22%
2007 Gonzalez
22%
2006 Baghdatís
11%
1993 Chang
11%
1994 Chang
11%
1995 Chang
11%
1996 Rusedski
11%
Aucun quiz correspondant
Distribution des résultats
% des personnes avec chaque résultat
Percentile par nombre de réponses
Votre historique - résultats
Vous n’avez pas pris ce quiz